[Event "Junior Online 4NCL Division 3"]
[Site "online"]
[Date "2021.02.04"]
[Round "2.148"]
[White "Gupta, Aarav G"]
[Black "Arun Jacob, Nigel A"]
[Result "0-1"]
[WhiteElo "1310"]
[BlackElo "1455"]
[PlyCount "144"]
[EventDate "2021.02.04"]
[WhiteTeam "KCJS 2"]
[BlackTeam "KEGS A"]

1. e4 c5 2. Nf3 Nc6 3. Bc4 Nf6 4. Nc3 d6 5. d3 g6 6. O-O Bg7 7. h3 a6 8. Bg5
Bd7 9. Bh4 b5 10. Bb3 Rb8 11. a3 Qc8 12. Ng5 O-O 13. Qe2 Nd4 14. Qe3 Bh6 15.
Qg3 b4 16. Bxf7+ Rxf7 17. Nxf7 Kxf7 18. Bxf6 exf6 19. Qh4 bxc3 20. Qxh6 Qg8 21.
bxc3 Ne2+ 22. Kh1 Nxc3 23. Qd2 Nb5 24. a4 Nd4 25. Qc3 Qe8 26. Rfe1 Qe5 27. Qd2
Be6 28. Rab1 Rxb1 29. Rxb1 Bd7 30. Rb7 Ke6 31. Qc3 Nc6 32. Qc4+ Ke7 33. c3 Qe6
34. Qxe6+ Kxe6 35. c4 Ne5 36. Rb3 Bxa4 37. Ra3 Bc2 38. Rxa6 Bxd3 39. Ra3 Bxe4
40. f3 Bd3 41. Rc3 Bxc4 42. f4 Bd5 43. fxe5 fxe5 44. Kg1 e4 45. Kf2 Ke5 46. Ke3
Be6 47. Rc2 c4 48. Rc3 d5 49. Rc1 Bf7 50. Kd2 Kd4 51. Rc2 h5 52. h4 Be6 53. Rc3
Bf5 54. Re3 Bg4 55. Rc3 Ke5 56. Rc2 d4 57. Rxc4 e3+ 58. Ke1 e2 59. Rc2 d3 60.
Rd2 Ke4 61. Kf2 Kd4 62. Ke1 Kc3 63. Ra2 Be6 64. Rd2 Bc4 65. g3 Bb3 66. g4 hxg4
67. h5 gxh5 68. Rxe2 dxe2 69. Kxe2 Kd4 70. Kf2 Ke4 71. Kg3 Kf5 72. Kh4 Kf4 0-1

[Event "Junior Online 4NCL Division 3"]
[Site "online"]
[Date "2021.02.04"]
[Round "2.151"]
[White "Antonopoulos, Chris"]
[Black "Dhir, Jai Alexander"]
[Result "1-0"]
[WhiteElo "1353"]
[BlackElo "1072"]
[PlyCount "47"]
[EventDate "2021.02.04"]
[WhiteTeam "Brentwood School B"]
[BlackTeam "Uxbridge Juniors Berzerkers"]

1. e4 e5 2. Nf3 Nc6 3. Bc4 Bc5 4. O-O Nf6 5. d3 O-O 6. Nc3 Re8 7. Re1 Nd4 8.
Be3 d6 9. Bxd4 Bxd4 10. Nxd4 exd4 11. Nd5 c6 12. Nf4 b5 13. Bb3 a5 14. a4 b4
15. Qd2 c5 16. c3 dxc3 17. bxc3 bxc3 18. Qxc3 Ba6 19. Nd5 Nxd5 20. Bxd5 Rb8 21.
h3 Qh4 22. Re3 h6 23. Rg3 Qh5 24. Qxg7# 1-0

[Event "Junior Online 4NCL Division 3"]
[Site "online"]
[Date "2021.02.04"]
[Round "2.152"]
[White "Mangalagiri, Pranav"]
[Black "Gohil, Shayan"]
[Result "1-0"]
[WhiteElo "1103"]
[BlackElo "1275"]
[PlyCount "73"]
[EventDate "2021.02.04"]
[WhiteTeam "Uxbridge Juniors Berzerkers"]
[BlackTeam "Brentwood School B"]

1. e4 e5 2. Nf3 Nc6 3. Bb5 Nf6 4. d3 Bc5 5. O-O O-O 6. h3 d5 7. Bxc6 bxc6 8.
Nbd2 Re8 9. Re1 Ba6 10. exd5 cxd5 11. Nf1 Qd6 12. Ng3 Rad8 13. c3 Qb6 14. Qb3
Bxf2+ 15. Kh2 Qxb3 16. axb3 Bxe1 17. Nxe1 e4 18. Rxa6 Ra8 19. d4 e3 20. Nf3 Ne4
21. Nxe4 Rxe4 22. Rc6 Rc8 23. Kg3 e2 24. Bd2 h5 25. Be1 f5 26. Kf2 f4 27. g3
fxg3+ 28. Kxg3 Kf7 29. Ng5+ Kg8 30. Nxe4 Re8 31. Kf3 dxe4+ 32. Kxe2 e3 33. Rxc7
a5 34. Ra7 g5 35. Rxa5 g4 36. hxg4 hxg4 37. Rg5+ 1-0

[Event "Junior Online 4NCL Division 3"]
[Site "online"]
[Date "2021.02.04"]
[Round "2.153"]
[White "van Enckevort, Noah"]
[Black "Palampathi, Sanjit"]
[Result "0-1"]
[WhiteElo "984"]
[BlackElo "1088"]
[PlyCount "50"]
[EventDate "2021.02.04"]
[WhiteTeam "Brentwood School B"]
[BlackTeam "Uxbridge Juniors Berzerkers"]

1. e4 e5 2. d4 f6 3. c3 d5 4. dxe5 fxe5 5. exd5 Nf6 6. Bc4 c6 7. dxc6 Bd6 8.
Bb5 bxc6 9. Bxc6+ Nxc6 10. Qf3 e4 11. Qe3 O-O 12. f3 Re8 13. c4 exf3 14. Qxe8+
Qxe8+ 15. Kf2 Nd4 16. Nd2 fxg2 17. Kxg2 Qg6+ 18. Kf2 Ng4+ 19. Ke1 Bb7 20. Ngf3
Bxf3 21. Nxf3 Nxf3+ 22. Ke2 Nd4+ 23. Kd2 Bb4+ 24. Kd1 Qd3+ 25. Bd2 Qxd2# 0-1

[Event "Junior Online 4NCL Division 3"]
[Site "online"]
[Date "2021.02.04"]
[Round "2.154"]
[White "Kapoor, Devansh"]
[Black "Measday, Austin"]
[Result "1-0"]
[WhiteElo "1024"]
[BlackElo "861"]
[PlyCount "71"]
[EventDate "2021.02.04"]
[WhiteTeam "Uxbridge Juniors Berzerkers"]
[BlackTeam "Brentwood School B"]

1. e4 e5 2. Bc4 Bc5 3. Qh5 Qf6 4. Nf3 g6 5. Qxe5+ Qxe5 6. Nxe5 d6 7. Nxf7 Bg4
8. Nxh8 Nc6 9. Nc3 O-O-O 10. Nf7 Re8 11. f3 Bh5 12. Bb5 d5 13. Nxd5 Nd8 14.
Bxe8 Nxf7 15. Bxf7 Nh6 16. Be6+ Kd8 17. Bh3 g5 18. Nf6 Bg6 19. d4 Bxd4 20. Bxg5
Nf7 21. Bh4 Bxb2 22. Rd1+ Ke7 23. Nd5+ Kd6 24. Nf4+ Ke5 25. Nxg6+ hxg6 26. Bg3+
Kf6 27. Bxc7 Bc3+ 28. Kf1 b6 29. f4 g5 30. e5+ Nxe5 31. fxe5+ Kg7 32. e6 Kf8
33. Bd8 Ke8 34. e7 g4 35. Bxg4 b5 36. Bh5# 1-0

[Event "Junior Online 4NCL Division 3"]
[Site "online"]
[Date "2021.02.04"]
[Round "2.155"]
[White "Dhir, Jai Alexander"]
[Black "Antonopoulos, Chris"]
[Result "0-1"]
[WhiteElo "1072"]
[BlackElo "1353"]
[PlyCount "72"]
[EventDate "2021.02.04"]
[WhiteTeam "Uxbridge Juniors Berzerkers"]
[BlackTeam "Brentwood School B"]

1. e4 e5 2. Nf3 Nc6 3. d4 exd4 4. Nxd4 Bc5 5. Nxc6 bxc6 6. Bc4 Nf6 7. e5 Nd5 8.
Bxd5 cxd5 9. Qxd5 Qe7 10. Qxa8 Qxe5+ 11. Be3 O-O 12. O-O Bxe3 13. fxe3 Qxe3+
14. Kh1 Ba6 15. Qf3 Qe5 16. Rg1 Re8 17. Nc3 Bc4 18. Rad1 Be6 19. Rge1 Qg5 20.
Ne4 Qg6 21. Nc5 h6 22. Nxe6 dxe6 23. Qc6 Rb8 24. b3 Rc8 25. Rd7 Kh7 26. Rdd1
Kh8 27. Qb7 Re8 28. Qxc7 a6 29. Rd8 Rg8 30. Rxg8+ Kxg8 31. Qc8+ Kh7 32. Qxa6
Qxc2 33. b4 Qd2 34. Re4 Qd1+ 35. Re1 Qxe1+ 36. Qf1 Qxf1# 0-1

[Event "Junior Online 4NCL Division 3"]
[Site "online"]
[Date "2021.02.04"]
[Round "2.156"]
[White "Gohil, Shayan"]
[Black "Mangalagiri, Pranav"]
[Result "1/2-1/2"]
[WhiteElo "1275"]
[BlackElo "1103"]
[PlyCount "61"]
[EventDate "2021.02.04"]
[WhiteTeam "Brentwood School B"]
[BlackTeam "Uxbridge Juniors Berzerkers"]

1. e4 c5 2. Nf3 Nc6 3. Bb5 a6 4. Bxc6 dxc6 5. Nc3 Bg4 6. d3 Bxf3 7. Qxf3 e5 8.
Be3 Nf6 9. O-O Bd6 10. Rfe1 O-O 11. Na4 Qa5 12. Nc3 b6 13. Ne2 b5 14. Ng3 Qb4
15. c3 Qxb2 16. Rec1 Qa3 17. Nh5 Nxh5 18. Qxh5 h6 19. Qg4 Kh8 20. Qd7 Rad8 21.
Qxc6 f5 22. exf5 Rxf5 23. Qe4 Rff8 24. Rc2 b4 25. c4 Bb8 26. Rcc1 Rxd3 27. Bxc5
Rfd8 28. Qe2 Rd2 29. Qe1 Qa5 30. Be7 R8d7 31. Bh4 1/2-1/2

[Event "Junior Online 4NCL Division 3"]
[Site "online"]
[Date "2021.02.04"]
[Round "2.157"]
[White "Palampathi, Sanjit"]
[Black "van Enckevort, Noah"]
[Result "0-1"]
[WhiteElo "1088"]
[BlackElo "984"]
[PlyCount "38"]
[EventDate "2021.02.04"]
[WhiteTeam "Uxbridge Juniors Berzerkers"]
[BlackTeam "Brentwood School B"]

1. e4 d5 2. f3 dxe4 3. fxe4 e5 4. Nf3 Nc6 5. Nc3 Nf6 6. Bc4 Nd4 7. O-O Bc5 8.
Rf2 Nxf3+ 9. Qxf3 Bxf2+ 10. Qxf2 Be6 11. Bxe6 fxe6 12. Qc5 Qd4+ 13. Qxd4 exd4
14. e5 dxc3 15. exf6 gxf6 16. dxc3 O-O-O 17. Bh6 f5 18. Re1 Rhe8 19. Bg5 Rd5
0-1

[Event "Junior Online 4NCL Division 3"]
[Site "online"]
[Date "2021.02.04"]
[Round "2.158"]
[White "Measday, Austin"]
[Black "Kapoor, Devansh"]
[Result "0-1"]
[WhiteElo "861"]
[BlackElo "1024"]
[PlyCount "80"]
[EventDate "2021.02.04"]
[WhiteTeam "Brentwood School B"]
[BlackTeam "Uxbridge Juniors Berzerkers"]

1. e4 e6 2. e5 d6 3. f4 dxe5 4. fxe5 Bc5 5. Nf3 Nc6 6. Nc3 Nd4 7. Nxd4 Qxd4 8.
Qh5 Qf2+ 9. Kd1 g6 10. Qf3 Qxf3+ 11. gxf3 b6 12. Bh3 Bb7 13. d4 Bxf3+ 14. Ne2
Bxd4 15. Be3 Bxh1 16. Kc1 Bxe3+ 17. Kd1 Bf3 18. Bf1 Rd8+ 19. Ke1 Bxe2 20. Kxe2
Bd4 21. c3 Bxe5 22. Rd1 Rxd1 23. Kxd1 Bxh2 24. Bb5+ Kd8 25. c4 Nf6 26. Kd2 Ne4+
27. Ke3 Nc5 28. Kd4 Nd7 29. c5 bxc5+ 30. Kc4 g5 31. Kd3 g4 32. Ke2 g3 33. Kf1
Rg8 34. Kg2 Ne5 35. a4 f5 36. b4 cxb4 37. a5 f4 38. a6 f3+ 39. Kf1 g2+ 40. Kf2
g1=Q# 0-1

[Event "Junior Online 4NCL Division 3"]
[Site "online"]
[Date "2021.02.04"]
[Round "2.161"]
[White "Hilmi, Sofia"]
[Black "Grahame, Silas"]
[Result "1-0"]
[WhiteElo "1148"]
[BlackElo "1075"]
[PlyCount "49"]
[EventDate "2021.02.04"]
[WhiteTeam "Leicestershire Juniors 3"]
[BlackTeam "Harrow Juniors F"]

1. e4 e5 2. Nf3 Nc6 3. Nc3 Nf6 4. Bb5 Bb4 5. Bxc6 Bxc3 6. bxc3 dxc6 7. O-O Nxe4
8. Nxe5 O-O 9. Re1 Nd6 10. d4 Be6 11. Bf4 Qe7 12. Re3 Bd5 13. Rg3 Ne4 14. Re3
h6 15. Qg4 Nf6 16. Qg3 Nh5 17. Qg4 Nxf4 18. Qxf4 g5 19. Qf5 Be6 20. Qf3 g4 21.
Nxg4 Bxg4 22. Qxg4+ Kh8 23. Rxe7 Rg8 24. Qf4 Kg7 25. Qxf7+ 1-0

[Event "Junior Online 4NCL Division 3"]
[Site "online"]
[Date "2021.02.04"]
[Round "2.162"]
[White "Wang, Xiling"]
[Black "Abraham, Leo"]
[Result "0-1"]
[WhiteElo "894"]
[BlackElo "1076"]
[PlyCount "42"]
[EventDate "2021.02.04"]
[WhiteTeam "Harrow Juniors F"]
[BlackTeam "Leicestershire Juniors 3"]

1. e4 e5 2. Nf3 Nc6 3. Bc4 h6 4. d3 Nf6 5. Nc3 Bc5 6. O-O d6 7. Be3 Nd4 8. Nxd4
exd4 9. Nd5 dxe3 10. Nxf6+ Qxf6 11. f3 e2+ 12. Kh1 exd1=Q 13. Raxd1 Qxb2 14.
Rb1 Qxc2 15. Rfc1 Qf2 16. Rf1 Qd4 17. f4 O-O 18. f5 Bd7 19. Rf4 c6 20. Rxb7 d5
21. Rxd7 Qg1# 0-1

[Event "Junior Online 4NCL Division 3"]
[Site "online"]
[Date "2021.02.04"]
[Round "2.163"]
[White "Sehgal, Garv"]
[Black "Patel-Davis, Riyan"]
[Result "0-1"]
[WhiteElo "955"]
[BlackElo "876"]
[PlyCount "54"]
[EventDate "2021.02.04"]
[WhiteTeam "Leicestershire Juniors 3"]
[BlackTeam "Harrow Juniors F"]

1. e4 e5 2. Bc4 Nf6 3. Nc3 Bb4 4. d3 Nc6 5. Be3 d6 6. Qe2 Bg4 7. f3 Be6 8. Bxe6
fxe6 9. O-O-O Qe7 10. Bd2 Bxc3 11. Bxc3 Nd4 12. Bxd4 exd4 13. Qf2 O-O-O 14. Ne2
e5 15. f4 Ng4 16. Qg3 Ne3 17. Qh3+ Qd7 18. Qxd7+ Rxd7 19. Rde1 Nxg2 20. Reg1
Ne3 21. fxe5 dxe5 22. h4 Rd6 23. Rxg7 Rg6 24. Rg1 Rxg7 25. Rxg7 Rf8 26. Rxh7
Rf1+ 27. Kd2 Rd1# 0-1

[Event "Junior Online 4NCL Division 3"]
[Site "online"]
[Date "2021.02.04"]
[Round "2.164"]
[White "Horwood, Alexander"]
[Black "Ahmad, Amelia"]
[Result "0-1"]
[WhiteElo "640"]
[BlackElo "886"]
[PlyCount "22"]
[EventDate "2021.02.04"]
[WhiteTeam "Harrow Juniors F"]
[BlackTeam "Leicestershire Juniors 3"]

1. e4 e5 2. Qf3 Nc6 3. Bc4 Nf6 4. d4 Nxd4 5. Bg5 Nxf3+ 6. Nxf3 h6 7. Bxf6 Qxf6
8. O-O Qg6 9. Nc3 d5 10. exd5 Bh3 11. Nxe5 Qxg2# 0-1

[Event "Junior Online 4NCL Division 3"]
[Site "online"]
[Date "2021.02.04"]
[Round "2.165"]
[White "Grahame, Silas"]
[Black "Hilmi, Sofia"]
[Result "0-1"]
[WhiteElo "1075"]
[BlackElo "1148"]
[PlyCount "36"]
[EventDate "2021.02.04"]
[WhiteTeam "Harrow Juniors F"]
[BlackTeam "Leicestershire Juniors 3"]

1. Nc3 e5 2. e4 Nf6 3. Nf3 Nc6 4. Bb5 Bb4 5. Bxc6 bxc6 6. Nxe5 Bxc3 7. dxc3 O-O
8. O-O Nxe4 9. Re1 Nf6 10. Ng4 d5 11. Nxf6+ Qxf6 12. Qe2 Qg6 13. Qe8 Bh3 14.
Qxf8+ Rxf8 15. g3 Qf6 16. Bf4 h6 17. Bxc7 Qf3 18. Re3 Qg2# 0-1

[Event "Junior Online 4NCL Division 3"]
[Site "online"]
[Date "2021.02.04"]
[Round "2.166"]
[White "Abraham, Leo"]
[Black "Wang, Xiling"]
[Result "1-0"]
[WhiteElo "1076"]
[BlackElo "894"]
[PlyCount "99"]
[EventDate "2021.02.04"]
[WhiteTeam "Leicestershire Juniors 3"]
[BlackTeam "Harrow Juniors F"]

1. e4 e5 2. Nf3 Nc6 3. Nc3 Nf6 4. Bc4 Bc5 5. d3 d6 6. a3 Bg4 7. h3 Bxf3 8. Qxf3
O-O 9. b4 Bd4 10. Bb2 a6 11. O-O b5 12. Ba2 a5 13. bxa5 Rxa5 14. Rab1 b4 15.
Ne2 Bxb2 16. Rxb2 Rxa3 17. Ra1 Qa8 18. Ng3 Nd4 19. Qd1 Rb8 20. Nf5 c5 21. c3
bxc3 22. Rxb8+ Qxb8 23. Bxf7+ Kxf7 24. Rxa3 Nxf5 25. exf5 Qb2 26. Qb3+ Qxb3 27.
Rxb3 g6 28. fxg6+ Kxg6 29. Rxc3 Nd5 30. Rc4 Nf4 31. Kh2 h5 32. g3 Nxd3 33. f3
Nb2 34. Rc2 Na4 35. Rd2 Nb6 36. Rxd6+ Kg5 37. Rxb6 h4 38. gxh4+ Kxh4 39. Rb5
Kg5 40. Rxc5 Kf4 41. Kg2 e4 42. fxe4 Kxe4 43. h4 Kd4 44. Ra5 Kc4 45. h5 Kb4 46.
Rg5 Kc4 47. h6 Kd4 48. h7 Ke4 49. h8=Q Kf4 50. Qe5# 1-0

[Event "Junior Online 4NCL Division 3"]
[Site "online"]
[Date "2021.02.04"]
[Round "2.167"]
[White "Patel-Davis, Riyan"]
[Black "Sehgal, Garv"]
[Result "0-1"]
[WhiteElo "876"]
[BlackElo "955"]
[PlyCount "52"]
[EventDate "2021.02.04"]
[WhiteTeam "Harrow Juniors F"]
[BlackTeam "Leicestershire Juniors 3"]

1. e4 e5 2. Nf3 Nc6 3. Nc3 d6 4. Bb5 Bd7 5. h3 Qe7 6. d3 O-O-O 7. Bxc6 Bxc6 8.
O-O Nf6 9. Bg5 h6 10. Bh4 g5 11. Bg3 Nd7 12. h4 g4 13. Nh2 Nb6 14. Nxg4 h5 15.
Ne3 f6 16. Ned5 Bxd5 17. exd5 Bh6 18. f3 Bf4 19. Bxf4 exf4 20. Re1 Qg7 21. Ne2
Rhg8 22. Nxf4 f5 23. Kf1 Qd4 24. Ne6 Qxh4 25. Ke2 Rxg2+ 26. Kf1 Qf2# 0-1

[Event "Junior Online 4NCL Division 3"]
[Site "online"]
[Date "2021.02.04"]
[Round "2.168"]
[White "Ahmad, Amelia"]
[Black "Horwood, Alexander"]
[Result "1-0"]
[WhiteElo "886"]
[BlackElo "640"]
[PlyCount "97"]
[EventDate "2021.02.04"]
[WhiteTeam "Leicestershire Juniors 3"]
[BlackTeam "Harrow Juniors F"]

1. e4 e5 2. Nf3 Nc6 3. Bc4 Bc5 4. d3 Nf6 5. Ng5 O-O 6. Nxf7 Qe8 7. Nd6+ Nd5 8.
Nxe8 Rxe8 9. exd5 d6 10. dxc6+ d5 11. Bxd5+ Kf8 12. cxb7 Bxb7 13. Bxb7 Rab8 14.
Bc6 Re6 15. Qf3+ Kg8 16. Bd5 Rf8 17. Bxe6+ Kh8 18. Qxf8+ Bxf8 19. Nc3 Bb4 20.
a3 Bxc3+ 21. bxc3 g5 22. Bh3 g4 23. Bxg4 e4 24. dxe4 Kg8 25. e5 Kf8 26. e6 Ke7
27. Bg5+ Kf8 28. e7+ Ke8 29. Bh5+ Kd7 30. e8=Q+ Kd6 31. Qd8+ Kc5 32. Rb1 Kc4
33. Qxc7+ Kd5 34. Rb5+ Ke4 35. Rb4+ Kf5 36. Qc5+ Ke6 37. Rb7 a6 38. Qc6+ Ke5
39. Qf6+ Ke4 40. Re7+ Kd5 41. Rxh7 Ke4 42. Qf4+ Kd5 43. Rd7+ Kc5 44. Qd4+ Kb5
45. Qd3+ Kc5 46. Be3+ Kc6 47. Qd6+ Kb5 48. Rb7+ Kc4 49. Qc5# 1-0

[Event "Junior Online 4NCL Division 3"]
[Site "online"]
[Date "2021.02.18"]
[EventDate "2021.02.18"]
[Round "3.11"]
[White "Israni, Ishita"]
[WhiteElo "302"]
[WhiteTeam "East Kilbride Rooks"]
[Black "Shah, Rahul"]
[BlackElo "1302"]
[BlackTeam "Edgware Gambits C"]
[Result "0-1"]
[PlyCount "96"]

1. e4 c5 2. Bc4 e6 3. Nf3 a6 4. d4 cxd4 5. Nxd4 Ne7 6. Bf4 g6 7. Be5 Qa5+ 8. c3 Qxe5 9. O-O Nbc6 10. Nd2 Nxd4 11. cxd4 Qxd4 12. b3 Bh6 13. Nf3 Qxd1 14. Raxd1 O-O 15. Ne5 Rd8 16. Ng4 Bg7 17. Rd3 b5 18. Bxe6 fxe6 19. Rf3 Bb7 20. Re1 h5 21. Nf6+ Bxf6 22. Rxf6 Kg7 23. Rf4 Rf8 24. g3 Rxf4 25. gxf4 Rf8 26. Re3 Rxf4 27. Kg2 Rxe4 28. Rc3 Rc4+ 29. Rf3 Rc3 30. Kf1 Bxf3 31. Ke1 Nd5 32. Kd2 Rc5 33. a3 b4 34. axb4 Nxb4 35. h4 d5 36. Ke3 Bd1 37. Kd4 Rc8 38. Ke5 Bxb3 39. Kxe6 d4+ 40. Ke5 d3 41. Ke4 d2 42. Kd4 d1=Q+ 43. Ke4 Re8+ 44. Kf4 Nd5+ 45. Kg3 Qg4+ 46. Kh2 Qxh4+ 47. Kg2 Nf4+ 48. Kf3 Bd5# 0-1

[Event "Junior Online 4NCL Division 3"]
[Site "online"]
[Date "2021.02.18"]
[EventDate "2021.02.18"]
[Round "3.12"]
[White "Joshi, Aarav"]
[WhiteElo "1323"]
[WhiteTeam "Edgware Gambits C"]
[Black "Biswas, Snigdha"]
[BlackElo "295"]
[BlackTeam "East Kilbride Rooks"]
[Result "1-0"]
[PlyCount "67"]

1. e4 e5 2. Nf3 Nc6 3. Bc4 Bc5 4. c3 Nf6 5. d4 Nxe4 6. dxc5 Nxc5 7. Be3 Ne4 8. Nbd2 Nf6 9. O-O O-O 10. Re1 d5 11. Bb3 d4 12. Bg5 dxc3 13. bxc3 Qd6 14. Nc4 Qxd1 15. Raxd1 Bg4 16. Re3 Bxf3 17. Rxf3 e4 18. Re3 h6 19. Bxf6 gxf6 20. Rxe4 f5 21. Ree1 a6 22. Rd7 b5 23. Ne5 Nxe5 24. Rxe5 a5 25. Rxf5 a4 26. Bxf7+ Rxf7 27. Rdxf7 Rd8 28. h4 Rd1+ 29. Kh2 Rf1 30. f4 Ra1 31. Rxc7 Rxa2 32. Rxb5 Ra1 33. Ra7 a3 34. Rb8# 1-0

[Event "Junior Online 4NCL Division 3"]
[Site "online"]
[Date "2021.02.18"]
[EventDate "2021.02.18"]
[Round "3.13"]
[White "Vusikala, Tarun"]
[WhiteElo "211"]
[WhiteTeam "East Kilbride Rooks"]
[Black "Barringer-Allen, William B"]
[BlackElo "1340"]
[BlackTeam "Edgware Gambits C"]
[Result "0-1"]
[PlyCount "72"]

1. e4 e5 2. Nf3 Nc6 3. Bc4 Be7 4. O-O d6 5. Nc3 Nf6 6. d4 exd4 7. Nxd4 Ne5 8. Bf4 Nxc4 9. b3 Nb6 10. Nd5 Nbxd5 11. exd5 O-O 12. c4 Bg4 13. Qc2 Bh5 14. f3 Bg6 15. h3 Bxc2 16. Nxc2 c6 17. dxc6 bxc6 18. Nd4 Qb6 19. Be3 Qb7 20. a4 d5 21. Nf5 g6 22. Nxe7+ Qxe7 23. Rfe1 Qb4 24. Rab1 dxc4 25. bxc4 Qxc4 26. Ra1 Rfe8 27. a5 Qc3 28. Bd2 Rxe1+ 29. Bxe1 Qxa1 30. Kf2 Re8 31. Bb4 Qb2+ 32. Kg3 Qxb4 33. a6 Re2 34. Kh2 Qf4+ 35. Kg1 Qg3 36. Kh1 Qxg2# 0-1

[Event "Junior Online 4NCL Division 3"]
[Site "online"]
[Date "2021.02.18"]
[EventDate "2021.02.18"]
[Round "3.14"]
[White "Gill, Veer"]
[WhiteElo "1306"]
[WhiteTeam "Edgware Gambits C"]
[Black "Vinodh, Sampriti"]
[BlackElo "197"]
[BlackTeam "East Kilbride Rooks"]
[Result "1-0"]
[PlyCount "43"]

1. e4 e5 2. Nf3 Nc6 3. d4 Nf6 4. d5 Nd4 5. Nxd4 exd4 6. Qxd4 d6 7. Bg5 Be7 8. Nc3 h6 9. Bh4 g5 10. Bg3 Bg4 11. f3 Bd7 12. O-O-O c6 13. dxc6 Bxc6 14. e5 Nh5 15. exd6 Bxd6 16. Qxh8+ Kd7 17. Rxd6+ Kc7 18. Rxd8+ Kb6 19. Qd4+ Ka5 20. Bc7+ b6 21. Qe5+ Bb5 22. Qxb5# 1-0

[Event "Junior Online 4NCL Division 3"]
[Site "online"]
[Date "2021.02.18"]
[EventDate "2021.02.18"]
[Round "3.15"]
[White "Shah, Rahul"]
[WhiteElo "1302"]
[WhiteTeam "Edgware Gambits C"]
[Black "Israni, Ishita"]
[BlackElo "302"]
[BlackTeam "East Kilbride Rooks"]
[Result "1-0"]
[PlyCount "63"]

1. d4 d5 2. c4 dxc4 3. Nc3 Nc6 4. e3 Nf6 5. Nf3 Bf5 6. Bxc4 Na5 7. Qa4+ Bd7 8. Qxa5 b6 9. Qb4 e5 10. Qb3 e4 11. Ng5 Be6 12. Bxe6 fxe6 13. Qxe6+ Be7 14. Nf7 Qd7 15. Qxd7+ Nxd7 16. Nxh8 Nf6 17. O-O Bd6 18. Nb5 Ke7 19. Nxd6 cxd6 20. f3 Rxh8 21. fxe4 Nxe4 22. Rf4 Ng5 23. e4 Rc8 24. Rg4 Ne6 25. d5 Nd4 26. Bg5+ Kd7 27. Rf1 Rc2 28. Be3 Ne2+ 29. Kh1 Rxb2 30. Rxg7+ Ke8 31. Rxa7 b5 32. Bg5 1-0

[Event "Junior Online 4NCL Division 3"]
[Site "online"]
[Date "2021.02.18"]
[EventDate "2021.02.18"]
[Round "3.16"]
[White "Biswas, Snigdha"]
[WhiteElo "295"]
[WhiteTeam "East Kilbride Rooks"]
[Black "Joshi, Aarav"]
[BlackElo "1323"]
[BlackTeam "Edgware Gambits C"]
[Result "1-0"]
[PlyCount "49"]

1. e4 c5 2. d4 cxd4 3. Qxd4 Nc6 4. Qd1 Nf6 5. Nc3 e6 6. Nf3 d5 7. e5 Nd7 8. Bb5 a6 9. Bxc6 bxc6 10. Bg5 Qc7 11. a4 Nxe5 12. Nxe5 Qxe5+ 13. Be3 c5 14. Qd2 Be7 15. f4 Qf6 16. b4 d4 17. Ne4 Qf5 18. Ng3 Bh4 19. bxc5 Bxg3+ 20. hxg3 dxe3 21. Qxe3 Qxc2 22. Rc1 Qxa4 23. c6 O-O 24. Qd3 Rb8 25. Qxh7# 1-0

[Event "Junior Online 4NCL Division 3"]
[Site "online"]
[Date "2021.02.18"]
[EventDate "2021.02.18"]
[Round "3.17"]
[White "Barringer-Allen, William B"]
[WhiteElo "1340"]
[WhiteTeam "Edgware Gambits C"]
[Black "Vusikala, Tarun"]
[BlackElo "211"]
[BlackTeam "East Kilbride Rooks"]
[Result "1-0"]
[PlyCount "41"]

1. d4 d5 2. Nc3 Nf6 3. Bg5 Nc6 4. Nf3 e6 5. e4 dxe4 6. Nxe4 Be7 7. Nxf6+ Bxf6 8. Bxf6 gxf6 9. Bb5 Bd7 10. O-O Qe7 11. a3 O-O-O 12. Bc4 e5 13. d5 Nd4 14. Nxd4 exd4 15. Qxd4 Rhg8 16. g3 f5 17. Qxa7 Be6 18. dxe6 fxe6 19. Rfe1 Rg4 20. Bxe6+ Rd7 21. Qa8# 1-0

[Event "Junior Online 4NCL Division 3"]
[Site "online"]
[Date "2021.02.18"]
[EventDate "2021.02.18"]
[Round "3.18"]
[White "Vinodh, Sampriti"]
[WhiteElo "197"]
[WhiteTeam "East Kilbride Rooks"]
[Black "Gill, Veer"]
[BlackElo "1306"]
[BlackTeam "Edgware Gambits C"]
[Result "0-1"]
[PlyCount "140"]

1. e4 e6 2. e5 d5 3. d4 c5 4. Nf3 Nc6 5. Nc3 Qb6 6. Bb5 a6 7. Bxc6+ bxc6 8. O-O Nh6 9. Bxh6 gxh6 10. b3 cxd4 11. Nxd4 c5 12. Na4 Qb4 13. c3 Qa5 14. Nc6 Qc7 15. Nb4 cxb4 16. cxb4 Bxb4 17. Rc1 Qe7 18. Nb6 Qb7 19. Na4 Bd7 20. Nc5 Bxc5 21. Rxc5 Rc8 22. Rxc8+ Qxc8 23. a4 O-O 24. Qg4+ Kh8 25. Rb1 Rg8 26. Qd1 Qc6 27. Rc1 Qb7 28. f3 Qb4 29. Qf1 Qd4+ 30. Kh1 Qd2 31. Rd1 Qa2 32. Re1 Qxb3 33. Re2 Qxa4 34. Rf2 Bb5 35. Qe1 Qc4 36. f4 Qe4 37. Qg1 Ba4 38. Qf1 Qd4 39. h3 Qd1 40. Kh2 Qxf1 41. Rxf1 Bc2 42. Rf2 Be4 43. Kg1 a5 44. Ra2 Ra8 45. g4 a4 46. g5 hxg5 47. fxg5 a3 48. h4 Bb1 49. Ra1 a2 50. h5 Rc8 51. Kf1 Rc1+ 52. Ke2 Rg1 53. Kd2 Rxg5 54. Kc3 Rxh5 55. Kb2 Rxe5 56. Rxb1 axb1=Q+ 57. Kxb1 d4 58. Kc1 Rd5 59. Kd2 d3 60. Kd1 Kg7 61. Kd2 Kg6 62. Ke1 f5 63. Kd2 f4 64. Ke1 h5 65. Kf1 h4 66. Kf2 d2 67. Ke2 d1=Q+ 68. Kf2 Rd3 69. Kg2 Qe2+ 70. Kg1 Rd1# 0-1

[Event "Junior Online 4NCL Division 3"]
[Site "online"]
[Date "2021.02.18"]
[EventDate "2021.02.18"]
[Round "3.21"]
[White "Sarkar, Rian"]
[WhiteElo "1592"]
[WhiteTeam "Barnet Knights B"]
[Black "Cepoi, Gesneria-Codruta"]
[BlackElo "1051"]
[BlackTeam "Uxbridge Girls"]
[Result "0-1"]
[PlyCount "84"]

1. d4 f5 2. Bg5 h6 3. Bh4 g5 4. Bg3 d5 5. e3 Bg7 6. Qh5+ Kf8 7. Nf3 Nf6 8. Qg6 e6 9. Ne5 Qe7 10. Nc3 Nc6 11. Bb5 Nxe5 12. Bxe5 c6 13. Ba4 Bd7 14. Bxf6 Bxf6 15. Nxd5 exd5 16. O-O b5 17. Bb3 Qg7 18. Qxg7+ Bxg7 19. f3 a5 20. a3 a4 21. Ba2 Re8 22. Rae1 Kg8 23. Kh1 Kh7 24. c3 Re7 25. Bb1 Rhe8 26. g4 Rxe3 27. Rxe3 Rxe3 28. gxf5 Kh8 29. Kg2 Re2+ 30. Rf2 Re1 31. Bc2 Bf6 32. Kg3 Kg7 33. Kg4 h5+ 34. Kxh5 Be8+ 35. Kg4 Rg1+ 36. Kh3 Bh5 37. Rg2 Rf1 38. Rg3 Rf2 39. Rg2 Rxf3+ 40. Rg3 Rf2 41. Rg2 g4+ 42. Kg3 Rf3# 0-1

[Event "Junior Online 4NCL Division 3"]
[Site "online"]
[Date "2021.02.18"]
[EventDate "2021.02.18"]
[Round "3.22"]
[White "Siddiqui, Zainab"]
[WhiteElo "961"]
[WhiteTeam "Uxbridge Girls"]
[Black "Gardner, Kai"]
[BlackElo "1487"]
[BlackTeam "Barnet Knights B"]
[Result "0-1"]
[PlyCount "62"]

1. e4 d5 2. Nc3 d4 3. Nd5 c6 4. Nf4 e5 5. Nfh3 Nf6 6. Qe2 c5 7. Nf3 Nc6 8. c3 Bg4 9. Qc4 Be6 10. Qd3 c4 11. cxd4 cxd3 12. Bxd3 exd4 13. e5 Ng4 14. O-O Ngxe5 15. Nxe5 Nxe5 16. Bb5+ Nc6 17. Ng5 Qd5 18. Bxc6+ bxc6 19. Re1 Be7 20. Nxe6 fxe6 21. d3 O-O 22. f3 Bd6 23. Bg5 Qxg5 24. Rxe6 Rad8 25. Rc1 Qxc1+ 26. Kf2 Rfe8 27. Re4 Qd2+ 28. Kf1 Rxe4 29. dxe4 d3 30. a4 Bc5 31. a5 Qf2# 0-1

[Event "Junior Online 4NCL Division 3"]
[Site "online"]
[Date "2021.02.18"]
[EventDate "2021.02.18"]
[Round "3.23"]
[White "Tokar, Kyrylo"]
[WhiteElo "1479"]
[WhiteTeam "Barnet Knights B"]
[Black "Vijayakumar, Mrinali"]
[BlackElo "700"]
[BlackTeam "Uxbridge Girls"]
[Result "1-0"]
[PlyCount "29"]

1. e4 e5 2. Nf3 Nc6 3. Bc4 Bc5 4. d3 Nf6 5. Bg5 O-O 6. Nc3 d6 7. h3 Bd7 8. Nd5 Bb4+ 9. c3 Ba5 10. Nxf6+ gxf6 11. Bh6 Re8 12. Nd2 f5 13. Qf3 Bb6 14. Qg3+ Kh8 15. Qg7# 1-0